Rainbow Six: Siege Operator - Statistiken

Allgemein
  • Dieses Quiz wurde 1.378 mal gespielt
  • Das Durchschnittsergebnis liegt bei 33 aus 70
Antwortstatistiken
Antwort % Korrekt
Blitz
85%
Ash
82%
Bandit
77%
Doc
75%
Sledge
73%
Thermite
73%
Mute
72%
Smoke
72%
Jäger
71%
Rook
70%
Kapkan
68%
Montagne
68%
Fuze
67%
IQ
65%
Thatcher
64%
Twitch
64%
Castle
63%
Pulse
61%
Glaz
60%
Buck
59%
Hibana
57%
Frost
56%
Tachanka
54%
Ace
51%
Caveira
51%
Lion
50%
Vigil
50%
Blackbeard
49%
Clash
49%
Dokkaebi
49%
Ela
47%
Mira
47%
Capitao
46%
Lesion
46%
Echo
45%
Valkyrie
45%
Kali
44%
Kaid
43%
Finka
42%
Jackal
41%
Zofia
41%
Alibi
39%
Ying
39%
Azami
37%
Maestro
37%
Mozzie
37%
Aruni
36%
Iana
36%
Maverick
36%
Melusi
35%
Nomad
35%
Wamai
35%
Amaru
34%
Gridlock
34%
Warden
34%
Zero
33%
Osa
30%
Ram
29%
Fenrir
28%
Nokk
28%
Oryx
28%
Tubarao
27%
Goyo
26%
Solis
26%
Thorn
26%
Sens
25%
Brava
24%
Grim
22%
Flores
21%
Thunderbird
20%
Keine übereinstimmenden Quizze gefunden
Verteilung der Resultate
Anzahl Personen mit jedem Resultat
Perzentil nach korrekt beantworteten Fragen
Ihre Resultats-Entwicklung
Sie haben dieses Quiz noch nicht gespielt